| 000 | 01023nas a2200337 4500 | ||
|---|---|---|---|
| 001 | BR2015001856 | ||
| 003 | BR-BrBNA | ||
| 005 | 20231205125152.0 | ||
| 007 | ta | ||
| 008 | 230509b bl.|||p| |||| 00| 00por d | ||
| 040 |
_aBR-BrBNA _bpor _cBiblioteca Nacional de Agricultura |
||
| 041 | _a(En) | ||
| 072 | _aL01; L50 | ||
| 100 | 1 | _aLima, A.S. | |
| 100 | 1 | _aWeigel, R.A. | |
| 100 | 1 | _aMorgado, A.A. | |
| 100 | 1 | _aNunes, G.R. | |
| 100 | 1 | _aSouza, F.N. | |
| 100 | 1 | _aMoreno, A.M. | |
| 100 | 1 | _aLibera, A.M.M.P.D. | |
| 100 | 1 | _aSucupira, M.C.A. | |
| 245 | 1 | _aParenteral administration of vitamins A, D and E on the oxidative metabolism and function of polymorphonuclear leudocytes in swine | |
| 650 | _aSUÍNO | ||
| 650 | _aDESMAMA | ||
| 650 | _aBIOQUÍMICA | ||
| 650 | _aVITAMINA | ||
| 650 | _aGANHO DE PESO | ||
| 773 | 0 |
_tPesquisa Veterinária Brasileira (Brazil) _xISSN 0100-736X _g(Aug 2012), v. 32(8) p. 727-734 _wBR2015001856 |
|
| 909 |
_a202311 _bLúcia _c55 _dLúcia Elande |
||
| 942 |
_2AGRIS _n0 _cANA |
||
| 999 |
_c243009 _d243009 |
||